000 01458cam a2200373Ia 4500
001 44859
005 20230410115445.0
008 060912s2006 ck 000 0 spa d
035 _a(OCoLC)ocm71305550
040 _aUNAMX
_bspa
_cUNAMX
_dDRFGD
020 _a9589774695
020 _a9789589774694
035 _a(OCoLC)71305550
050 1 4 _aHD 7105.3
_bH762s 2006
082 0 0 _a331.25/2
_222
100 1 _aHolzmann, Robert
245 1 0 _aSoporte del ingreso económico en la vejez en el siglo veintiuno :
_buna perspectiva internacional de los sistemas de pensiones y de sus reformas /
_cRobert Holzmann y Richard Hinz ; junto con Hermann von Gersdorff ... [et al.]
260 _aBogotá, Colombia :
_bBanco Mundial :
_bMayol,
_cc2006
300 _a224 p.
500 _aTraducción de: Old-age income support in the 21st century : an international perspective on pension systems and reform
650 0 _aOld age pensions
_xGovernment policy.
650 0 _aAging
_xEconomic aspects
_xGovernment policy.
650 0 _aIncome maintenance programs.
650 0 _aSocial security.
650 4 _aPensiones a la vejez
_xPolítica gubernamental
650 4 _aEnvejecimiento
_xAspectos económicos
_xPolítica gubernamental
650 4 _aIngresos
_xProgramas de apoyo
650 4 _aSeguridad social
700 1 _aHinz, Richard,
_ecoaut.
700 1 _aGerdorff, Hermann von,
_ecolab.
942 _2lcc
_cbk
946 _acagreen
994 _aC0
_bDRFGD
999 _c41551
_d41551